Janayugam (Record no. 44526)

MARC details
000 -LEADER
fixed length control field 00430nam a2200145Ia 4500
008 - FIXED-LENGTH DATA ELEMENTS--GENERAL INFORMATION
fixed length control field 211109s9999||||xx |||||||||||||| ||und||
082 ## - DEWEY DECIMAL CLASSIFICATION NUMBER
Classification number 494.81205
Item number JAN-J
100 ## - MAIN ENTRY--PERSONAL NAME
Personal name No Author,
245 #0 - TITLE STATEMENT
Title Janayugam
260 ## - PUBLICATION, DISTRIBUTION, ETC.
Name of publisher, distributor, etc. Janaugam
Place of publication, distribution, etc. Quilin
Date of publication, distribution, etc. 1900
300 ## - PHYSICAL DESCRIPTION
Extent 296p.
630 ## - SUBJECT ADDED ENTRY--UNIFORM TITLE
General subdivision POST GRADUATE REFERENCE
650 ## - SUBJECT ADDED ENTRY--TOPICAL TERM
Topical term or geographic name entry element Malayalam language
942 ## - ADDED ENTRY ELEMENTS (KOHA)
Koha item type BOOK
650 ## - SUBJECT ADDED ENTRY--TOPICAL TERM
Form subdivision Malayalam grammar
General subdivision Altaic, Uralic, Hyperborean & Dravidian LanguageMalayalam
Holdings
Withdrawn status Lost status Damaged status Not for loan Home library Current library Date acquired Cost, normal purchase price Total Checkouts Full call number Barcode Shelving location Date last seen Price effective from Koha item type
        SB LIBRARY SB LIBRARY 09/11/2021 100.00   494.81205 JAN-J 00086474 POST GRADUATE REFERENCE 09/11/2021 09/11/2021 BOOK

Powered by Koha